Phân tích những nhân tố ảnh hưởng đến lượng tiền vay tín dụng ưu đãi học sinh sinh viên trên địa bàn tỉnh Vĩnh Long : Luận văn thạc sĩ. Chuyên ngành: Tài chính - Ngân hàng

Phân tích những nhân tố ảnh hưởng đến lượng tiền vay tín dụng ưu đãi học sinh sinh viên, từ đó đưa ra những giải pháp cải thiện khả năng tiếp cận nguồn vốn vay ưu đãi cho học sinh sinh viên và gia đình...

ver descrição completa

Na minha lista:
Detalhes bibliográficos
Autor principal: Vũ, Hoài Phương
Formato: Livro
Idioma:Undetermined
Publicado em: Cần Thơ Đại học Cần Thơ 2013
Assuntos:
Tags: Adicionar Tag
Sem tags, seja o primeiro a adicionar uma tag!
Thư viện lưu trữ: Trung tâm Học liệu Trường Đại học Cần Thơ
LEADER 01212nam a2200217Ia 4500
001 CTU_183203
008 210402s9999 xx 000 0 und d
082 |a 332.1753 
082 |b Ph561 
088 |a 60340201 
100 |a Vũ, Hoài Phương 
245 0 |a Phân tích những nhân tố ảnh hưởng đến lượng tiền vay tín dụng ưu đãi học sinh sinh viên trên địa bàn tỉnh Vĩnh Long : 
245 0 |b Luận văn thạc sĩ. Chuyên ngành: Tài chính - Ngân hàng 
245 0 |c Vũ Hoài Phương ; Trương Quang Thông ( người hướng dẫn khoa học) 
260 |a Cần Thơ 
260 |b Đại học Cần Thơ 
260 |c 2013 
520 |a Phân tích những nhân tố ảnh hưởng đến lượng tiền vay tín dụng ưu đãi học sinh sinh viên, từ đó đưa ra những giải pháp cải thiện khả năng tiếp cận nguồn vốn vay ưu đãi cho học sinh sinh viên và gia đình 
650 |a Financial management,Banks and banking 
904 |i Phạm, Thị Bé Ngoan 
980 |a Trung tâm Học liệu Trường Đại học Cần Thơ